000
00238nam a2200097Ia 4500
005
20251222114350.0
008
251222s1900||||xx |||||||||||||| ||spa||
082
_a
DVD0040/M19/2005/Ej.2
245
0
_a
El nuevo mundo:The New World
942
_c
DVD
999
_c
1187
_d
1187